000 00612nam a22002297a 4500
003 UA-OsUOA
001 126208
007 ta
008 20171011b un ||||| |||| 00| 0 ukr d
100 _aШоу И.
090 _a821.161.1(410)
_bШ81
942 _cBK
040 _aUA-OsUOA
_brus
_cUA-OsUOA
_dUA-OsUOA
245 _aБогач, бедняк. Нищий, вор
_bроманы
300 _a628 с.
955 _a3
041 _arus
080 _a821.161.1(410)
260 _aМ.
_bПравда
_c1991
650 7 _a82 Література. Літературознавство
_2UDC
999 _c413437
_d413437